000 00337nam a22001337a 4500
005 20250901165814.0
008 250328b |||||||| |||| 00| 0 eng d
020 _a9966228438
050 _aPL 8704 .N35 2010
245 _aMama Hawezi Kunidhuru
_cMbugua Ndiki
260 _aNairobi:
_bJKF,
_c2010.
300 _a171p.:
_c18 cm.
942 _2lcc
999 _c9463
_d9463